000 00676nam a2200181Ia 4500
008 220216s9999 xx 000 0 und d
100 _aVijayakumar K.R.
245 0 _aSuccessful extension of low frequency tapping in different agroclimates and report on high yield under 1/2S D/6 6D/7 tapping
260 _bIRRDB Conference on NR Industry: Responding to Globalization, 7-8 September 2004, Kunming International Convention and Exhibition Center, China.
_c2004
650 _aAgroclimate
650 _aLow frequency tapping
650 _aTapping system
650 _aYield
700 _aKarunaichamy K.
700 _aRajagopal R.
700 _aThomas K.U.
942 _cBS
999 _c53052
_d53052